El Apego de las ciencias sociales a lo real, una lista de reflexiones
Guardado en:
| Autor principal: | |
|---|---|
| Autor Corporativo: | |
| Formato: | Texto |
| Publicado: |
Cartagena:
AIS
|
| Etiquetas: |
Agregar Etiqueta
Sin Etiquetas, Sea el primero en etiquetar este registro!
|
MARC
| LEADER | 00000 a a2200000 04500 | ||
|---|---|---|---|
| 001 | 22709 | ||
| 003 | |||
| 040 | |||
| 090 | |a 154900 | ||
| 100 | |a Rojas, Fernando | ||
| 110 | |a Asociación Internacional de Sociología | ||
| 245 | |a El Apego de las ciencias sociales a lo real, una lista de reflexiones | ||
| 260 | |a Cartagena: |b AIS | ||
| 300 | |a 34 p | ||
| 999 | |c 5811 |d 5811 | ||
